| 000 | 00651nam a22002297a 4500 | ||
|---|---|---|---|
| 999 |
_c154111 _d154111 |
||
| 003 | dpl | ||
| 005 | 20190128130953.0 | ||
| 008 | 180716b xxu||||| |||| 00| 0 eng d | ||
| 010 | _aB-115487 | ||
| 016 | _aB-115487 | ||
| 035 | _aB-115487, B-115467 , B-115470, B-115489 | ||
| 037 | _bBPPD/PUB | ||
| 040 | _c0 | ||
| 082 | _a641.5 | ||
| 100 | _aJanet | ||
| 245 |
_aThe First-Time cookbook _cby janet, Sayeed Rizvi |
||
| 260 |
_aNew Delhi _bHarperCollins publishers _c2003 |
||
| 300 |
_a297p. _c24 cm (Hb) |
||
| 650 | _aFinancial accountancy | ||
| 700 | _aRizvi Sayeed | ||
| 942 |
_adpl _cEN _k 641.5/ JAN _2ddc _h641.5 _mJAN |
||